[Event "Titled Tuesday 2025.02.04 Late"]
[Site "Chess.com INT"]
[Date "2025.02.04"]
[Round "11"]
[White "Mendes, Aaron Reeve"]
[Black "Grot, Blazej"]
[Result "0-1"]
[WhiteElo "2335"]
[BlackElo "2190"]
[PlyCount "108"]
[GameId "2143899101657069"]
[EventDate "2025.02.04"]
[EventType "swiss (blitz)"]
[EventRounds "11"]
[EventCountry "NET"]
[SourceTitle "Mega2025 Update 15"]
[Source "Chessbase"]
[SourceDate "2025.02.14"]
[SourceVersion "1"]
[SourceVersionDate "2025.02.14"]
[SourceQuality "1"]

1. e4 e5 2. Nf3 Nc6 3. d4 exd4 4. Nxd4 Bc5 5. Nb3 Bb6 6. Nc3 Nf6 7. Qe2 {The main line 7.Qe2 scores better than 7.Bg5. Die Hauptvariante 7.De2 punktet besser als 7.Lg5.} O-O 8. Be3 d5 9. O-O-O d4 10. Bg5 h6 11. Bxf6 Qxf6 12. Nd5 Qd6 13. g3 Be6 14. Bg2 Rfe8 15. Qd2 a5 $146 (15... Red8 16. Kb1 a5 17. f4 a4 18. e5 Qf8 19. Nxb6 cxb6 20. Nc1 Na5 21. Qf2 Qc5 {1-0 Kopylov,D (2348)-Ehmann,T (2330) GER-ch Net blitz qual4 Playchess.com INT 2020 (6)}) 16. Nxb6 cxb6 17. Nxd4 Rad8 18. Nxc6 Qxc6 19. Qxd8 Rxd8 20. Rxd8+ Kh7 21. a3 b5 22. Re1 b4 23. Re3 bxa3 24. bxa3 b5 25. Bf1 b4 26. axb4 axb4 27. Bd3 b3 28. Rd6 Qc5 29. e5+ g6 30. Kb2 bxc2 31. Bxc2 Qb5+ 32. Kc3 Qf1 33. Rd2 Qa1+ 34. Kd3 Qa6+ 35. Ke4 Qb7+ 36. Kd3 Qb5+ 37. Kc3 Qa5+ 38. Kd3 Bc4+ 39. Kxc4 Qxd2 40. Bd3 Qxf2 41. Re2 Qf3 42. Kd4 Kg7 43. e6 Qf6+ 44. Kd5 Qd8+ 45. Kc4 Qc7+ 46. Kd5 Qa5+ 47. Kd4 Qb6+ 48. Kd5 Qb3+ 49. Bc4 Qd1+ 50. Kc5 fxe6 51. Rxe6 Qg1+ 52. Kc6 Qxh2 53. Re7+ Kf6 54. Re5 Kxe5 0-1

[Event "Titled Tuesday 2025.01.21 Late"]
[Site "Chess.com INT"]
[Date "2025.01.21"]
[Round "5"]
[White "Mendes, Aaron Reeve"]
[Black "Garcia, Angie"]
[Result "1-0"]
[WhiteElo "2358"]
[BlackElo "1951"]
[PlyCount "55"]
[GameId "2138824814820736"]
[EventDate "2025.01.21"]
[EventType "swiss (blitz)"]
[EventRounds "11"]
[EventCountry "NET"]
[SourceTitle "Mega2025 Update 13"]
[Source "Chessbase"]
[SourceDate "2025.01.31"]
[SourceVersion "1"]
[SourceVersionDate "2025.01.31"]
[SourceQuality "1"]

1. e4 e6 2. Nf3 d5 3. Nc3 c5 4. exd5 exd5 5. Bb5+ Nc6 6. d4 Nf6 7. O-O Be7 8. dxc5 Bxc5 {8...Bxc5 scores better than 8...0-0. 8...Lxc5 punktet besser als 8...0-0.} 9. Bg5 Be6 10. Bxf6 Qxf6 $146 (10... gxf6 11. Nd4 Qd6 12. Na4 Bb4 13. c3 Ba5 14. b4 Bc7 15. f4 a6 16. Bxc6+ bxc6 17. Qh5 O-O-O 18. Qe2 {1-0 Kamsky,G (2657)-Goryachkina,A (2610) Titled Tuesday intern op 22nd Feb Late Chess.com INT blitz 2022 (10)}) 11. Nxd5 Bxd5 12. Qxd5 Be7 13. Ne5 O-O 14. Nd7 Qxb2 15. Nxf8 Rxf8 16. Bxc6 bxc6 17. Qxc6 Bf6 18. a4 h6 19. a5 Qb4 20. Ra2 Qg4 21. a6 Rc8 22. Qb7 Bd4 23. Ra4 Rxc2 24. Qb8+ Kh7 25. Qb1 Bxf2+ 26. Rxf2 Qxa4 27. Qxc2+ Qxc2 28. Rxc2 1-0

[Event "Titled Tuesday 2025.01.21 Late"]
[Site "Chess.com INT"]
[Date "2025.01.21"]
[Round "6"]
[White "Adam, Ernestina"]
[Black "Mendes, Aaron Reeve"]
[Result "0-1"]
[WhiteElo "2249"]
[BlackElo "2358"]
[PlyCount "90"]
[GameId "2138824814927520"]
[EventDate "2025.01.21"]
[EventType "swiss (blitz)"]
[EventRounds "11"]
[EventCountry "NET"]
[SourceTitle "Mega2025 Update 13"]
[Source "Chessbase"]
[SourceDate "2025.01.31"]
[SourceVersion "1"]
[SourceVersionDate "2025.01.31"]
[SourceQuality "1"]

1. e4 c5 2. Nf3 d6 3. d4 cxd4 4. Nxd4 Nf6 5. Nc3 a6 6. Bg5 e6 7. f4 Be7 8. Qf3 Qc7 9. O-O-O Nbd7 10. Bd3 Rb8 11. Rhe1 b5 12. Qg3 Bb7 13. e5 dxe5 14. fxe5 Nd5 15. Bxe7 Kxe7 16. Ne4 Qxe5 17. Qh4+ N7f6 18. Nc5 Qf4+ 19. Qxf4 Nxf4 20. Nxb7 Nxd3+ 21. Rxd3 Rhc8 22. Na5 Rb6 23. Nf5+ Kf8 24. Ne3 g6 25. Red1 Ke7 26. h3 Rc7 27. g4 Rb8 28. g5 Ne4 29. Rd4 Nxg5 30. Re1 Nf3 31. Nd5+ Kd6 32. Nxc7+ Kxc7 33. Rde4 Nxe1 34. Rxe1 Re8 35. Rf1 f5 36. Nb3 e5 37. c3 e4 38. Kd2 Rd8+ 39. Ke2 Rd3 40. Nd4 Rxh3 41. Ne6+ Kd6 42. Nf4 Rh2+ 43. Ke3 g5 44. Ne2 Ke5 45. Nd4 f4+ 0-1

[Event "Titled Tuesday 2025.01.21 Late"]
[Site "Chess.com INT"]
[Date "2025.01.21"]
[Round "7"]
[White "Mendes, Aaron Reeve"]
[Black "Lenoir Ibacache, Gabriel Alberto"]
[Result "0-1"]
[WhiteElo "2358"]
[BlackElo "2228"]
[PlyCount "122"]
[GameId "2138824815050709"]
[EventDate "2025.01.21"]
[EventType "swiss (blitz)"]
[EventRounds "11"]
[EventCountry "NET"]
[SourceTitle "Mega2025 Update 13"]
[Source "Chessbase"]
[SourceDate "2025.01.31"]
[SourceVersion "1"]
[SourceVersionDate "2025.01.31"]
[SourceQuality "1"]

1. e4 c5 2. Nf3 d6 3. d4 cxd4 4. Nxd4 Nf6 5. Nc3 a6 6. Be3 Ng4 7. Bg5 {7.Bc1 gains popularity. 7.Lc1 wird beliebter.} h6 8. Bd2 Qb6 9. Bc1 $146 (9. f3 Qxd4 10. fxg4 Nc6 11. g5 hxg5 12. Bxg5 Qxd1+ 13. Rxd1 Bg4 14. Be2 Bxe2 15. Nxe2 g6 {0-1 Fu,J-Chen,F (2348) CHN Team Zhongshan 2015 (9)}) 9... Nc6 10. h3 Nxf2 11. Kxf2 Qxd4+ 12. Be3 Qxd1 13. Rxd1 e6 14. Na4 b5 15. Nb6 Rb8 16. c4 b4 17. c5 dxc5 18. Nxc8 Rxc8 19. Bxa6 Rb8 20. Rd2 Be7 21. Rc1 O-O 22. Bxc5 Bh4+ 23. g3 Bg5 24. Bxf8 Bxd2 25. Rxc6 Rxf8 26. h4 h5 27. a3 bxa3 28. bxa3 Rb8 29. Rc2 Bh6 30. Rc8+ Rxc8 31. Bxc8 Kf8 32. a4 Bd2 33. Ke2 Ba5 34. Kd3 Bc7 35. Kc4 Bxg3 36. a5 Bxh4 37. a6 Bf2 38. Kb5 h4 39. e5 g5 40. Kc4 g4 41. Kd3 g3 42. Ke2 Ke7 43. Kf3 Kd8 44. Bb7 h3 45. Be4 Kc7 46. a7 Bxa7 47. Kxg3 Bd4 48. Kxh3 Bxe5 49. Kg4 Kd6 50. Bh7 Bg7 51. Kf4 f6 52. Ke4 Bh6 53. Bg6 Ke7 54. Bh7 Kf7 55. Kf3 f5 56. Kg3 Kg7 57. Kf3 Kxh7 58. Kf2 Kg6 59. Kf1 Kf6 60. Kg1 e5 61. Kg2 e4 0-1

[Event "Titled Tuesday 2025.01.21 Late"]
[Site "Chess.com INT"]
[Date "2025.01.21"]
[Round "8"]
[White "Mendes, Aaron Reeve"]
[Black "Kjaergaard Jensen, Jesper"]
[Result "1-0"]
[WhiteElo "2358"]
[BlackElo "2081"]
[PlyCount "61"]
[GameId "2138824815083563"]
[EventDate "2025.01.21"]
[EventType "swiss (blitz)"]
[EventRounds "11"]
[EventCountry "NET"]
[SourceTitle "Mega2025 Update 13"]
[Source "Chessbase"]
[SourceDate "2025.01.31"]
[SourceVersion "1"]
[SourceVersionDate "2025.01.31"]
[SourceQuality "1"]

1. f4 Nf6 2. Nf3 d5 3. b3 Bg4 4. Bb2 Bxf3 5. exf3 d4 6. c3 c5 7. Na3 a6 8. Nc2 Nc6 9. cxd4 cxd4 10. Bd3 e6 11. O-O Bc5 12. a3 O-O 13. b4 Bb6 14. g3 e5 15. f5 Qd5 16. Qe2 Rad8 17. Kg2 Rfe8 18. Be4 d3 19. Qe1 Nxe4 20. fxe4 Qb3 21. Ne3 Qxb2 22. f6 g6 23. Nd5 Qd4 24. Rc1 Rxd5 25. exd5 Qxd5+ 26. Kh3 e4 27. g4 e3 28. Qh4 h5 29. Rf5 Qd4 30. Rxh5 gxh5 31. Qg5+ 1-0

[Event "Titled Tuesday 2025.01.21 Late"]
[Site "Chess.com INT"]
[Date "2025.01.21"]
[Round "9"]
[White "Tisma, Ivan"]
[Black "Mendes, Aaron Reeve"]
[Result "0-1"]
[WhiteElo "1967"]
[BlackElo "2358"]
[PlyCount "84"]
[GameId "2138824815173875"]
[EventDate "2025.01.21"]
[EventType "swiss (blitz)"]
[EventRounds "11"]
[EventCountry "NET"]
[SourceTitle "Mega2025 Update 13"]
[Source "Chessbase"]
[SourceDate "2025.01.31"]
[SourceVersion "1"]
[SourceVersionDate "2025.01.31"]
[SourceQuality "1"]

1. Nf3 d5 2. g3 Nd7 3. d4 Nb6 4. Bg2 Bf5 5. O-O e6 6. Nbd2 Nf6 7. Ne5 Be7 8. c4 c6 9. Qb3 Qc7 10. Ndf3 O-O 11. Bf4 Qc8 12. Rfc1 dxc4 13. Nxc4 Nxc4 14. Qxc4 Nd5 15. Bd2 Bf6 16. h3 Rd8 17. b4 Be4 18. e3 Bxf3 19. Bxf3 Nb6 20. Qb3 e5 21. dxe5 Bxe5 22. Bc3 Bxc3 23. Rxc3 Qxh3 24. Rc5 Qd7 25. Kg2 Qe7 26. Rh1 Nd7 27. Rch5 h6 28. Qb2 Nf6 29. Rc5 Rd6 30. b5 Rad8 31. bxc6 Rd2 32. Rc2 Rxc2 33. Qxc2 bxc6 34. Bxc6 Rc8 35. Rc1 Qe6 36. Qc4 Qf5 37. Rc2 Ng4 38. Qe2 Ne5 39. Ba4 Qe4+ 40. Kg1 Rb8 41. Bb3 Nf3+ 42. Kf1 Nd4 0-1

[Event "Titled Tuesday 2025.01.21 Late"]
[Site "Chess.com INT"]
[Date "2025.01.21"]
[Round "11"]
[White "Mendes, Aaron Reeve"]
[Black "Medina Paz, Miguel"]
[Result "1-0"]
[WhiteElo "2358"]
[BlackElo "2368"]
[PlyCount "77"]
[GameId "2138824815297045"]
[EventDate "2025.01.21"]
[EventType "swiss (blitz)"]
[EventRounds "11"]
[EventCountry "NET"]
[SourceTitle "Mega2025 Update 13"]
[Source "Chessbase"]
[SourceDate "2025.01.31"]
[SourceVersion "1"]
[SourceVersionDate "2025.01.31"]
[SourceQuality "1"]

1. e4 c5 2. Nf3 Nc6 3. Bb5 g6 4. Bxc6 dxc6 5. O-O Bg7 6. d3 Nf6 7. h3 Nd7 8. Nc3 e5 9. Be3 b6 10. Qd2 O-O 11. Bh6 Re8 12. Nh2 Nf8 13. Bxg7 Kxg7 14. f4 Nd7 15. f5 f6 16. fxg6 hxg6 17. Ng4 g5 18. Nxf6 Nxf6 19. Qxg5+ Kf7 20. Rxf6+ Qxf6 21. Rf1 Qxf1+ 22. Kxf1 Bd7 23. Ne2 Ke6 24. Qg6+ Ke7 25. Ng1 Rf8+ 26. Nf3 Rf6 27. Qh5 Re8 28. Ke2 Kd6 29. Qg5 Rfe6 30. h4 c4 31. dxc4 c5 32. h5 Bc6 33. Ke3 Rf8 34. h6 Rh8 35. Nh4 Rh7 36. Nf5+ Kc7 37. Qg8 Rexh6 38. Nxh6 Rxh6 39. Qg7+ 1-0

[Event "North American-ch U20"]
[Site "Calgary CAN"]
[Date "2024.08.15"]
[Round "3.5"]
[White "Mendes, Aaron Reeve"]
[Black "Feng, Andrew"]
[Result "1-0"]
[WhiteElo "2314"]
[BlackElo "2132"]
[PlyCount "77"]
[GameId "2160767905784311"]
[EventDate "2024.08.14"]
[EventType "swiss"]
[EventRounds "9"]
[EventCountry "CAN"]
[SourceTitle "The Week in Chess 1554"]
[Source "Mark Crowther"]
[SourceDate "2024.08.19"]
[SourceVersion "2"]
[SourceVersionDate "2024.08.19"]
[SourceQuality "2"]

1. e4 c6 2. Nf3 d5 3. Nc3 Bg4 4. h3 Bxf3 5. Qxf3 e6 6. Be2 Bc5 7. Qg3 Bd4 8. exd5 exd5 9. O-O Ne7 10. Bd1 O-O 11. Ne2 Bf6 12. d4 Nd7 13. c3 Nb6 14. Bc2 Ng6 15. a4 Re8 16. Nf4 Nc4 17. Nh5 Nd6 18. Nxf6+ Qxf6 19. Bg5 Qe6 20. f3 f6 21. Rae1 Qd7 22. Bxg6 hxg6 23. Bf4 Nc4 24. b3 Na5 25. b4 Nc4 26. Qxg6 Qf7 27. Qc2 a5 28. bxa5 Nxa5 29. Qb1 Nc4 30. Qb4 Qg6 31. Qxb7 Rxa4 32. Qxc6 Rxe1 33. Rxe1 Ra2 34. Qxd5+ Kh8 35. g4 Ne5 36. dxe5 Qc2 37. Qd2 Qxd2 38. Bxd2 Rxd2 39. e6 1-0

[Event "North American-ch U20"]
[Site "Calgary CAN"]
[Date "2024.08.15"]
[Round "4.3"]
[White "Lu, Ming"]
[Black "Mendes, Aaron Reeve"]
[Result "1-0"]
[WhiteElo "2248"]
[BlackElo "2314"]
[PlyCount "95"]
[GameId "2160767905784315"]
[EventDate "2024.08.14"]
[EventType "swiss"]
[EventRounds "9"]
[EventCountry "CAN"]
[SourceTitle "The Week in Chess 1554"]
[Source "Mark Crowther"]
[SourceDate "2024.08.19"]
[SourceVersion "2"]
[SourceVersionDate "2024.08.19"]
[SourceQuality "2"]

1. c4 c6 2. d4 d5 3. Nc3 Nf6 4. e3 e6 5. Nf3 Nbd7 6. Bd3 dxc4 7. Bxc4 b5 8. Bd3 Bb7 9. e4 a6 10. e5 Nd5 11. Nxd5 cxd5 12. O-O Be7 13. Bd2 O-O 14. Qb1 h6 15. Qe1 Rc8 16. Ba5 Qe8 17. Qd2 Nb8 18. Rac1 Nc6 19. Bb6 Bd8 20. Bc5 Be7 21. Bb6 Bd8 22. Bc5 Be7 23. Bb1 Bxc5 24. Rxc5 Qe7 25. Rfc1 Rc7 26. h4 h5 27. b4 Rcc8 28. R1c3 Na7 29. Rc7 Rxc7 30. Qc2 g6 31. Rxc7 Qxb4 32. Rxb7 Rc8 33. Qd3 Nc6 34. Ng5 Nxd4 35. Rxf7 Nf5 36. Bc2 Qe1+ 37. Kh2 Qxe5+ 38. g3 Rc3 39. Nf3 Qh8 40. Qe2 Kxf7 41. Ng5+ Kg7 42. Qe5+ Kg8 43. Qxe6+ Kg7 44. Qe5+ Kg8 45. Qxd5+ Kg7 46. Qd7+ Kf6 47. Ne4+ Ke5 48. f4# 1-0

[Event "North American-ch U20"]
[Site "Calgary CAN"]
[Date "2024.08.18"]
[Round "9.3"]
[White "Mendes, Aaron Reeve"]
[Black "Johnson, Donald"]
[Result "1-0"]
[WhiteElo "2314"]
[BlackElo "2209"]
[PlyCount "137"]
[GameId "2160767905784345"]
[EventDate "2024.08.14"]
[EventType "swiss"]
[EventRounds "9"]
[EventCountry "CAN"]
[SourceTitle "The Week in Chess 1554"]
[Source "Mark Crowther"]
[SourceDate "2024.08.19"]
[SourceVersion "2"]
[SourceVersionDate "2024.08.19"]
[SourceQuality "2"]

1. e4 c5 2. Nf3 d6 3. d4 cxd4 4. Nxd4 Nf6 5. Nc3 a6 6. Rg1 e5 7. Nb3 Be6 8. g4 d5 9. exd5 Nxd5 10. Nxd5 Qxd5 11. Qxd5 Bxd5 12. Be3 Nc6 13. O-O-O O-O-O 14. Nc5 Be7 15. Be2 Kc7 16. c4 Bxc5 17. Bxc5 Be6 18. b3 f6 19. Kb2 b6 20. Be3 Nd4 21. Bxd4 Rxd4 22. Rxd4 exd4 23. Kc2 g5 24. Kd3 Rd8 25. Bf3 h5 26. gxh5 Bf5+ 27. Kd2 Kd6 28. Re1 Rh8 29. Rg1 Ke5 30. Rg3 Kf4 31. h3 a5 32. Be2 Bb1 33. a3 Be4 34. h4 Bf5 35. hxg5 fxg5 36. Rg1 g4 37. Rh1 Kg5 38. Bd3 Be6 39. Bg6 a4 40. bxa4 Bxc4 41. Rb1 Rf8 42. Ke1 g3 43. Rb2 Rxf2 44. Rxf2 gxf2+ 45. Kxf2 Bb3 46. Ke2 Bc4+ 47. Kd2 Bf1 48. Be8 d3 49. Bg6 Be2 50. Bf7 Kf6 51. Be8 Kg5 52. Bg6 Kf6 53. Kc3 Bd1 54. Be8 Be2 55. h6 Bf1 56. h7 Kg7 57. Bg6 Bg2 58. Bxd3 Bc6 59. Bc2 Bd7 60. Kd4 Bc6 61. Ke5 b5 62. a5 Bf3 63. Kd6 Be2 64. Kc5 Bf1 65. Kb6 Be2 66. a6 Bd3 67. Bxd3 b4 68. a7 bxa3 69. a8=Q 1-0

[Event "Candidates Rapid"]
[Site "Toronto CAN"]
[Date "2024.04.16"]
[Round "5.8"]
[White "Mendes, Aaron Reeve"]
[Black "Haji Ghanbari, Nader"]
[Result "1-0"]
[WhiteElo "2320"]
[BlackElo "1899"]
[PlyCount "77"]
[GameId "2160767905997780"]
[EventDate "2024.04.16"]
[EventType "swiss (rapid)"]
[EventRounds "6"]
[EventCountry "CAN"]
[SourceTitle "The Week in Chess 1569"]
[Source "Mark Crowther"]
[SourceDate "2024.12.02"]
[SourceVersion "1"]
[SourceVersionDate "2024.12.02"]
[SourceQuality "2"]

1. e4 c5 2. Nf3 d6 3. Bb5+ Bd7 4. Bxd7+ Qxd7 5. O-O Nc6 6. c3 d5 7. e5 e6 8. d4 Nge7 9. Re1 cxd4 10. cxd4 Ng6 11. h4 Bb4 12. Nc3 Nge7 13. h5 h6 14. Nh4 Ba5 15. Qg4 Rg8 16. Bd2 Bb6 17. Ne2 O-O-O 18. b4 Kb8 19. a4 Nf5 20. Nxf5 exf5 21. Qf4 g5 22. hxg6 fxg6 23. a5 Bc7 24. b5 Ne7 25. b6 axb6 26. axb6 Bxb6 27. Reb1 Qe6 28. Qe3 Rc8 29. Qa3 Rc6 30. Nf4 Qd7 31. Rxb6 Rxb6 32. Qa7+ Kc7 33. Ba5 Qc6 34. Bxb6+ Kd7 35. e6+ Ke8 36. Bc5 Nc8 37. Qb8 g5 38. Ra8 Kd8 39. Nxd5 1-0

[Event "Excelsior September op"]
[Site "Toronto CAN"]
[Date "2023.09.07"]
[Round "3.3"]
[White "Sambuev, Bator"]
[Black "Mendes, Aaron Reeve"]
[Result "1/2-1/2"]
[WhiteElo "2480"]
[BlackElo "2250"]
[PlyCount "151"]
[GameId "2160767907047229"]
[EventDate "2023.09.06"]
[EventType "swiss"]
[EventRounds "9"]
[EventCountry "CAN"]
[SourceTitle "10 Days #735"]
[Source "ChessMix "]
[SourceDate "2023.09.20"]
[SourceVersion "1"]
[SourceVersionDate "2023.09.20"]
[SourceQuality "1"]

1. d4 d5 2. Nf3 Nf6 3. e3 c6 4. Bd3 Bg4 5. c4 Nbd7 6. cxd5 cxd5 7. Qb3 Bxf3 8. gxf3 Qb6 9. Nc3 e6 10. Bd2 Be7 11. Na4 Qxb3 12. axb3 O-O 13. Ke2 Rfc8 14. b4 g6 15. Nc5 b6 16. Nxd7 Nxd7 17. Rhc1 Rxc1 18. Rxc1 Nf8 19. Rc7 Bd8 20. Rb7 a6 21. e4 b5 22. Bf4 Bf6 23. Ke3 g5 24. Bd6 Ng6 25. e5 Bd8 26. Bxg6 hxg6 27. Bc5 Kg7 28. Ke2 Kg8 29. Kf1 Kg7 30. Kg2 Kg8 31. Kg3 Kg7 32. Kg4 Kg8 33. f4 gxf4 34. Kxf4 Bh4 35. f3 Kg7 36. Kg4 Be1 37. Rc7 Bf2 38. f4 Be3 39. Kf3 Bg1 40. h3 Rh8 41. Ra7 Rh4 42. Be7 g5 43. Bxg5 Rxh3+ 44. Kg4 Rh2 45. Ra8 Rg2+ 46. Kf3 Rf2+ 47. Kg4 Rg2+ 48. Kh4 Rh2+ 49. Kg3 Rxb2 50. f5 exf5 51. Bf6+ Kg6 52. Rg8+ Kh7 53. Rh8+ Kg6 54. Rg8+ Kh7 55. Rg7+ Kh6 56. Rxf7 Bxd4 57. Rd7 Rxb4 58. Kf4 Rb1 59. Kxf5 Rf1+ 60. Ke6 b4 61. Rxd5 b3 62. Rxd4 b2 63. Kf7 Rh1 64. Rd8 b1=Q 65. Rh8+ Qh7+ 66. Bg7+ Kg5 67. Rxh7 Rxh7 68. e6 Rh2 69. e7 Re2 70. e8=Q Rxe8 71. Kxe8 a5 72. Kd7 a4 73. Kc6 a3 74. Kb5 a2 75. Kb4 a1=Q 76. Bxa1 1/2-1/2

[Event "Excelsior September op"]
[Site "Toronto CAN"]
[Date "2023.09.07"]
[Round "4.5"]
[White "Mendes, Aaron Reeve"]
[Black "Singh Dhaliwal, Jaipreet"]
[Result "1-0"]
[WhiteElo "2250"]
[BlackElo "1898"]
[PlyCount "97"]
[GameId "2160767907047236"]
[EventDate "2023.09.06"]
[EventType "swiss"]
[EventRounds "9"]
[EventCountry "CAN"]
[SourceTitle "10 Days #735"]
[Source "ChessMix "]
[SourceDate "2023.09.20"]
[SourceVersion "1"]
[SourceVersionDate "2023.09.20"]
[SourceQuality "1"]

1. e4 c5 2. Nf3 d6 3. Bb5+ Bd7 4. Bxd7+ Qxd7 5. O-O Nf6 6. Re1 Nc6 7. c3 e6 8. d4 cxd4 9. cxd4 d5 10. e5 Ne4 11. Nbd2 Nxd2 12. Bxd2 Be7 13. Rc1 O-O 14. Rc3 Rfc8 15. a3 b5 16. Rd3 a5 17. Ng5 Bxg5 18. Bxg5 Ne7 19. h4 h6 20. Bd2 Nf5 21. g4 Nxh4 22. Rh3 Ng6 23. g5 h5 24. Qxh5 Kf8 25. Qh7 Rc2 26. Be3 Rxb2 27. Rf3 Ke7 28. Qxg7 Rf8 29. Rf6 Ke8 30. Rc1 b4 31. axb4 a4 32. Rc5 Rb1+ 33. Kg2 a3 34. Ra5 a2 35. Ra8+ Qd8 36. Rxe6+ fxe6 37. Qxg6+ Kd7 38. Rxa2 Rxb4 39. Ra7+ Kc8 40. Qxe6+ Kb8 41. Qa6 Rxf2+ 42. Kxf2 Rb2+ 43. Kg3 Rg2+ 44. Kf3 Rg3+ 45. Kf2 Rg2+ 46. Kf1 Rg1+ 47. Bxg1 Qd7 48. Qb6+ Kc8 49. Ra8# 1-0

[Event "Excelsior September op"]
[Site "Toronto CAN"]
[Date "2023.09.08"]
[Round "5.2"]
[White "Mikhalevski, Victor"]
[Black "Mendes, Aaron Reeve"]
[Result "1/2-1/2"]
[WhiteElo "2511"]
[BlackElo "2250"]
[PlyCount "149"]
[GameId "2160767907047240"]
[EventDate "2023.09.06"]
[EventType "swiss"]
[EventRounds "9"]
[EventCountry "CAN"]
[SourceTitle "10 Days #735"]
[Source "ChessMix "]
[SourceDate "2023.09.20"]
[SourceVersion "1"]
[SourceVersionDate "2023.09.20"]
[SourceQuality "1"]

1. d4 d5 2. c4 c6 3. cxd5 cxd5 4. Bg5 Qb6 5. Nc3 e6 6. Qd2 Nc6 7. e3 Be7 8. Nf3 Bxg5 9. Nxg5 Qd8 10. f4 Nf6 11. Rc1 h6 12. Nf3 Ne4 13. Nxe4 dxe4 14. Ne5 Nxe5 15. dxe5 Qxd2+ 16. Kxd2 Bd7 17. Bc4 Ke7 18. Rc3 f6 19. Rhc1 Bc6 20. Ba6 fxe5 21. fxe5 Rhf8 22. Ke1 Rad8 23. b4 Rf5 24. Rc5 Bd5 25. Rc7+ Rd7 26. Bb5 Rxc7 27. Rxc7+ Kf8 28. Rc8+ Ke7 29. Rc7+ Kf8 30. Rc8+ Ke7 31. h4 a6 32. Be2 Rxe5 33. Rc7+ Kf6 34. g4 Kg6 35. a4 h5 36. g5 Rf5 37. Rc8 Rf7 38. Rh8 Rc7 39. Bxh5+ Kf5 40. Rf8+ Ke5 41. Be2 Rc1+ 42. Kf2 Rc2 43. Kf1 Rc1+ 44. Kg2 Rc2 45. Rf2 Rc3 46. h5 Rxe3 47. h6 gxh6 48. g6 Rxe2 49. Rxe2 Kf6 50. Kg3 Kxg6 51. Kf4 h5 52. Rg2+ Kh6 53. Rg5 b6 54. a5 bxa5 55. bxa5 Bc4 56. Rg3 h4 57. Rg4 Kh5 58. Rg5+ Kh6 59. Rg1 Bd5 60. Kg4 Kg6 61. Rh1 e5 62. Rd1 Be6+ 63. Kxh4 e3 64. Kg3 e2 65. Rc1 Bc4 66. Kf2 Bd3 67. Rc3 e4 68. Rc5 Kf6 69. Ke1 Ke6 70. Kd2 Kd6 71. Rg5 Kc6 72. Re5 Kd6 73. Rh5 Kc6 74. Rg5 Kd6 75. Rh5 1/2-1/2

[Event "Excelsior September op"]
[Site "Toronto CAN"]
[Date "2023.09.09"]
[Round "6.4"]
[White "Huh, Isaak"]
[Black "Mendes, Aaron Reeve"]
[Result "0-1"]
[WhiteElo "2027"]
[BlackElo "2250"]
[PlyCount "48"]
[GameId "2160767907047249"]
[EventDate "2023.09.06"]
[EventType "swiss"]
[EventRounds "9"]
[EventCountry "CAN"]
[SourceTitle "10 Days #735"]
[Source "ChessMix "]
[SourceDate "2023.09.20"]
[SourceVersion "1"]
[SourceVersionDate "2023.09.20"]
[SourceQuality "1"]

1. e4 c5 2. Nf3 d6 3. d4 cxd4 4. Nxd4 Nf6 5. Nc3 a6 6. Bg5 e6 7. f4 Be7 8. Qf3 Qc7 9. O-O-O Nbd7 10. g4 h6 11. Bxf6 Bxf6 12. h4 Nb6 13. Be2 Bd7 14. g5 Be7 15. g6 fxg6 16. Qg4 O-O-O 17. Nxe6 Bxe6 18. Qxe6+ Kb8 19. Qxg6 d5 20. e5 d4 21. Ne4 Nd5 22. Qxg7 Nxf4 23. Bd3 Nxd3+ 24. Rxd3 Bg5+ 0-1

[Event "Excelsior September op"]
[Site "Toronto CAN"]
[Date "2023.09.10"]
[Round "8.1"]
[White "Almeida Quintana, Omar"]
[Black "Mendes, Aaron Reeve"]
[Result "1-0"]
[WhiteElo "2504"]
[BlackElo "2250"]
[PlyCount "177"]
[GameId "2160767907047258"]
[EventDate "2023.09.06"]
[EventType "swiss"]
[EventRounds "9"]
[EventCountry "CAN"]
[SourceTitle "10 Days #735"]
[Source "ChessMix "]
[SourceDate "2023.09.20"]
[SourceVersion "1"]
[SourceVersionDate "2023.09.20"]
[SourceQuality "1"]

1. Nf3 d5 2. c4 c6 3. b3 Nf6 4. Bb2 e6 5. g3 Nbd7 6. Bg2 Be7 7. O-O O-O 8. Nc3 a6 9. Qc2 b5 10. d3 Nb6 11. Nb1 c5 12. Nbd2 Bb7 13. e3 Rc8 14. Rac1 Nfd7 15. Rfe1 Bf6 16. cxd5 exd5 17. e4 Bxb2 18. Qxb2 Re8 19. Qa1 Rc7 20. a4 Qa8 21. a5 Nc8 22. exd5 Rxe1+ 23. Rxe1 Bxd5 24. Re8+ Nf8 25. Qe5 Qb7 26. Nh4 Bxg2 27. Nf5 f6 28. Qe6+ Rf7 29. Rxc8 Bd5 30. Ne7+ Qxe7 31. Qxd5 Qd7 32. Qxd7 Rxd7 33. Ne4 Rxd3 34. Nxc5 Rc3 35. b4 Rc4 36. Rb8 Rxb4 37. Nxa6 Rb1+ 38. Kg2 Kf7 39. Nc5 Ra1 40. Rb7+ Kg6 41. a6 Ra5 42. a7 Ra3 43. Rb8 Rxa7 44. Rxf8 Rc7 45. Ne6 Rb7 46. Nc5 Rc7 47. Nb3 Rc3 48. Nd4 b4 49. Rb8 Rc4 50. Ne2 Kh6 51. Kf3 g6 52. Ke3 f5 53. Kd3 Re4 54. f3 Re7 55. Rxb4 Ra7 56. Ke3 Ra3+ 57. Kf2 Ra2 58. h4 Kg7 59. Rb7+ Kh6 60. Re7 Rb2 61. Kg2 Rb4 62. Nf4 Rb2+ 63. Ne2 Rb4 64. Kh3 Rb3 65. Nd4 Rd3 66. Rd7 Re3 67. Kg2 Re8 68. g4 fxg4 69. fxg4 Re3 70. Nf3 Re4 71. Rxh7+ Kxh7 72. Ng5+ Kh8 73. Nxe4 Kg7 74. Kg3 Kh6 75. Kf4 Kg7 76. Kg5 Kh7 77. Kf6 Kh6 78. g5+ Kh5 79. Kg7 Kxh4 80. Kxg6 Kg4 81. Kf6 Kf4 82. Nd6 Ke3 83. g6 Kd2 84. g7 Kc2 85. g8=Q Kb2 86. Qc4 Ka1 87. Qb4 Ka2 88. Nc4 Ka1 89. Qb2# 1-0

[Event "Annex op"]
[Site "Toronto CAN"]
[Date "2023.09.02"]
[Round "1"]
[White "Mendes, Aaron Reeve"]
[Black "Zhu, Matthew"]
[Result "1-0"]
[WhiteElo "2250"]
[BlackElo "1982"]
[PlyCount "98"]
[GameId "2160767907047381"]
[EventDate "2023.09.02"]
[EventType "swiss"]
[EventRounds "6"]
[EventCountry "CAN"]
[SourceTitle "CBM 216 Extra"]
[Source "ChessBase"]
[SourceDate "2023.11.30"]
[SourceVersion "1"]
[SourceVersionDate "2023.11.30"]
[SourceQuality "1"]

1. e4 c5 2. Nf3 d6 3. Bb5+ Bd7 4. Bxd7+ Qxd7 5. O-O Nf6 6. Re1 Nc6 7. c3 e6 8. d4 cxd4 9. cxd4 d5 10. e5 Ne4 11. Nbd2 Nxd2 12. Bxd2 Bb4 13. Rc1 Bxd2 14. Qxd2 O-O 15. h4 Rac8 16. h5 h6 17. Rc3 Ne7 18. Ra3 a6 19. Nh4 Rc4 20. Rg3 Kh7 21. b3 Rc6 22. Ree3 f6 23. Rgf3 Nf5 24. Qd3 fxe5 25. Rxe5 Kg8 26. Nxf5 exf5 27. Rfxf5 Rxf5 28. Rxf5 Rc3 29. Rf8+ Kxf8 30. Qxc3 Qe6 31. Qb4+ Ke8 32. Qxb7 Qe1+ 33. Kh2 Qxf2 34. Qc6+ Kf8 35. Qd6+ Ke8 36. Qe5+ Kf8 37. a3 Qh4+ 38. Kg1 Qd8 39. Qf5+ Kg8 40. Qe6+ Kh8 41. Qxa6 Qg5 42. Qc8+ Kh7 43. Qc2+ Kh8 44. Qd1 Qe7 45. Qc1 Qe4 46. Qc3 Qg4 47. a4 Qd1+ 48. Kf2 Qxh5 49. a5 Qf5+ 1-0